| 000 | 00577cam a2200205 a 4500 | ||
|---|---|---|---|
| 999 |
_c7263 _d7263 |
||
| 001 | 4929 | ||
| 003 | BD-DhUAP | ||
| 005 | 20210118125051.0 | ||
| 008 | 210118s2000 enka b 001 0 eng d | ||
| 020 | _a0072373113 | ||
| 035 | _a(OCoLC)ocm32607628 | ||
| 040 |
_aEUN _cEUN _dUKM _dAZS _dBD-DhUAP _beng |
||
| 082 | 0 | 0 |
_a004.67 HAR _223 |
| 100 | 1 | _a Harris, Robert. | |
| 245 | 1 | 0 |
_aA guidebook to the Web / _cRobert Harris. |
| 260 |
_aGuildord : _bDushkin/McGraw-Hill, _cc2000. |
||
| 300 |
_axi, 148 pages : _billustrations ; _c21 cm. |
||
| 650 | 0 | _aWorld Wide Web. | |
| 942 |
_2ddc _cBK |
||